| 000 | 00465nam a2200157 4500 | ||
|---|---|---|---|
| 001 | 144945 | ||
| 003 | ES-MaACL | ||
| 005 | 20230906201131.0 | ||
| 007 | t| | ||
| 008 | 070214s1971 xxu r ||||1| eng d | ||
| 100 | 1 |
_aSmith, John I. _9106897 |
|
| 245 | 1 | 0 |
_aModern operational circuit design / _cJohn I. Smith. |
| 260 |
_aNew York [etc.] : _bWiley-Interscience, _c1971. |
||
| 300 |
_aXI, 256 p., 6 lám. : _bil. ; _c24 cm. |
||
| 852 |
_aES-MaACL _jC-56347 _bR.88996 |
||
| 999 |
_c144945 _d144945 |
||